000 00378nam a22001335i 4500
005 20250728121800.0
020 _a9789365694925
082 _a891.4 FAL/H
245 0 0 _aHow i write :
_bwriters on their craft /
_cedited by Sonia Faleiro.
260 _a. - Haryana
_b: Harper Collins
_c, 2024
300 _axii, 283 pages
700 _aFaleiro, Sonia ,editor
_928
942 _2ddc
_cBK
999 _c750636
_d750636